[Event "COL-ch"]
[Site "Bogota"]
[Date "2018.11.09"]
[Round "6"]
[White "Ruiz Orozco, Neider Santiago"]
[Black "Cardona, Jaiber Camilo"]
[Result "1-0"]
[WhiteElo "1250"]
[BlackElo "1499"]
[PlyCount "57"]
[EventDate "2018.11.06"]
[EventType "swiss"]
[EventRounds "9"]
[EventCountry "COL"]
[SourceTitle "CBM 187 Extra"]
[Source "ChessBase"]
[SourceDate "2018.11.04"]
[SourceVersion "1"]
[SourceVersionDate "2018.11.04"]
[SourceQuality "1"]

1. e4 c5 2. Nf3 d6 3. Bb5+ Nc6 4. d4 cxd4 5. Nxd4 Bd7 6. 0-0 Nf6 7. Nc3 Rc8 8. Be3 a6 9. Bxc6 Bxc6 10. Nxc6 Rxc6 11. Qd2 Qc7 12. Rad1 e6 13. Bg5 Be7 14. f4 0-0 15. f5 e5 16. Bxf6 Bxf6 17. Nd5 Qd8 18. b3 b5 19. Kh1 Bg5 20. Qd3 f6 21. Rf2 Qa5 22. Ne7+ Kh8 23. Nxc6 Qb6 24. Qxd6 Rc8 25. Qd8+ Qxd8 26. Rxd8+ Rxd8 27. Nxd8 Kg8 28. c4 Kf8 29. Ne6+ 1-0

[Event "COL-ch"]
[Site "Bogota"]
[Date "2018.11.08"]
[Round "4"]
[White "Campos Perilla, Sergio Felipe"]
[Black "Cardona, Jaiber Camilo"]
[Result "1-0"]
[WhiteElo "1265"]
[BlackElo "1499"]
[PlyCount "71"]
[EventDate "2018.11.06"]
[EventType "swiss"]
[EventRounds "9"]
[EventCountry "COL"]
[SourceTitle "CBM 187 Extra"]
[Source "ChessBase"]
[SourceDate "2018.11.04"]
[SourceVersion "1"]
[SourceVersionDate "2018.11.04"]
[SourceQuality "1"]

1. e4 c5 2. Nf3 d6 3. d4 cxd4 4. Nxd4 Nf6 5. Nc3 e6 6. f3 Be7 7. Be3 Nc6 8. Qd2 a6 9. 0-0-0 Bd7 10. Nb3 b5 11. Kb1 0-0 12. g4 Ne5 13. Qg2 h6 14. h4 Nh7 15. f4 Nc4 16. Bf2 Rc8 17. g5 h5 18. Rg1 g6 19. Nd2 Nxd2+ 20. Rxd2 b4 21. Nd1 Qa5 22. Rd3 Ba4 23. b3 Bb5 24. Rd2 Rc6 25. Bd4 e5 26. fxe5 dxe5 27. Bxe5 Bxf1 28. Rxf1 Qxe5 29. Rd5 Qe6 30. Ne3 Rfc8 31. Nc4 Nf8 32. Qf3 Rd8 33. Re5 Qg4 34. Qxf7+ Kh8 35. Rxe7 Rd1+ 36. Kb2 1-0

[Event "COL-ch"]
[Site "Bogota"]
[Date "2018.11.06"]
[Round "1"]
[White "Cardona, Jaiber Camilo"]
[Black "Lozada Zuniga, Andres"]
[Result "0-1"]
[WhiteElo "1499"]
[BlackElo "1980"]
[PlyCount "46"]
[EventDate "2018.11.06"]
[EventType "swiss"]
[EventRounds "9"]
[EventCountry "COL"]
[SourceTitle "CBM 187 Extra"]
[Source "ChessBase"]
[SourceDate "2018.11.04"]
[SourceVersion "1"]
[SourceVersionDate "2018.11.04"]
[SourceQuality "1"]

1. e4 e5 2. Nf3 Nc6 3. Bc4 Nf6 4. d3 Be7 5. 0-0 0-0 6. Nc3 d6 7. Be3 Na5 8. Bb3 Nxb3 9. axb3 a6 10. Ne2 Re8 11. Ng3 Bf8 12. h3 h6 13. Nh2 d5 14. Ng4 dxe4 15. Nxf6+ Qxf6 16. Nxe4 Qg6 17. Qf3 Bd7 18. Rfe1 f5 19. Nc3 Bc6 20. Qg3 Re6 21. Kh2 f4 22. Qxg6 Rxg6 23. Bc1 Rxg2+ 0-1

[Event "COL pre olympic sf3"]
[Site "Dosquebradas"]
[Date "2018.06.02"]
[Round "7"]
[White "Socarras Campo, Mayerling"]
[Black "Cardona, Jaiber Camilo"]
[Result "0-1"]
[WhiteElo "1526"]
[BlackElo "1529"]
[PlyCount "69"]
[EventDate "2018.05.30"]
[EventType "swiss"]
[EventRounds "10"]
[EventCountry "COL"]
[SourceTitle "CBM 184 Extra"]
[Source "ChessBase"]
[SourceDate "2018.06.28"]
[SourceVersion "1"]
[SourceVersionDate "2018.06.28"]
[SourceQuality "1"]

1. e4 c5 2. d4 cxd4 3. c3 dxc3 4. Nxc3 d6 5. Nf3 Nf6 6. Bc4 e6 7. Bg5 Be7 8. 0-0 0-0 9. Qe2 h6 10. Be3 Nbd7 11. Rfd1 a6 12. a3 b5 13. Ba2 Bb7 14. Bc1 Qc7 15. Bb1 Nc5 16. b4 Nb3 17. Nxb5 axb5 18. Qb2 Nxa1 19. Qxa1 Rac8 20. Bd3 Qc3 21. Bb2 Qb3 22. Nd4 Qa4 23. Bxb5 Qa8 24. f3 e5 25. Nf5 Rc7 26. Rd2 Rd8 27. Qe1 Qa7+ 28. Kh1 Rdc8 29. Rd1 Rc2 30. Nxe7+ Kf8 31. Nxc8 Bxc8 32. Bd3 Rc6 33. Qd2 Be6 34. Bc1 Qc7 35. Bb2 0-1

[Event "COL-ch U17"]
[Site "Pereira"]
[Date "2017.12.02"]
[Round "6.8"]
[White "Hincapie Lopez, Santiago"]
[Black "Cardona, Jaiber Camilo"]
[Result "1-0"]
[WhiteElo "1540"]
[BlackElo "1557"]
[PlyCount "65"]
[EventDate "2017.11.30"]
[EventType "swiss"]
[EventRounds "6"]
[EventCountry "COL"]
[SourceTitle "EXT 2024"]
[Source "ChessBase"]
[SourceDate "2023.10.10"]
[SourceVersion "1"]
[SourceVersionDate "2023.10.10"]
[SourceQuality "1"]

1. e4 c5 2. Nf3 d6 3. d4 cxd4 4. Nxd4 Nf6 5. Nc3 a6 6. f3 b5 7. Be3 Nbd7 8. Qd2 Bb7 9. 0-0-0 e6 10. Nb3 Be7 11. a4 bxa4 12. Nxa4 0-0 13. Qa5 Rc8 14. Qxd8 Rfxd8 15. Nb6 Nxb6 16. Bxb6 Rd7 17. Na5 Ra8 18. b4 Bc8 19. b5 Bd8 20. Bxd8 Rxd8 21. b6 Rd7 22. Kd2 Rb8 23. Rb1 Ne8 24. Bd3 Bb7 25. Rb2 e5 26. Rhb1 d5 27. Nxb7 Rbxb7 28. Bxa6 dxe4+ 29. Ke3 Rb8 30. fxe4 Nd6 31. c4 Rdb7 32. c5 Nc8 33. Bxb7 1-0

[Event "COL-ch U17"]
[Site "Pereira"]
[Date "2017.12.01"]
[Round "3.4"]
[White "Cardona, Jaiber Camilo"]
[Black "Carvajal Pena, Dilan Ricardo"]
[Result "0-1"]
[WhiteElo "1557"]
[BlackElo "1400"]
[PlyCount "34"]
[EventDate "2017.11.30"]
[EventType "swiss"]
[EventRounds "6"]
[EventCountry "COL"]
[SourceTitle "EXT 2024"]
[Source "ChessBase"]
[SourceDate "2023.10.10"]
[SourceVersion "1"]
[SourceVersionDate "2023.10.10"]
[SourceQuality "1"]

1. e4 c5 2. Nf3 d6 3. d4 cxd4 4. Nxd4 Nf6 5. Nc3 a6 6. Bc4 e6 7. 0-0 Nbd7 8. f4 b5 9. Bb3 Nc5 10. Qf3 Bb7 11. Re1 Be7 12. Qg3 Nfxe4 13. Nxe4 Nxe4 14. Qxg7 Bf6 15. Qg4 Bxd4+ 16. Be3 Qb6 17. Bxd4 Qxd4+ 0-1

[Event "COL-ch U17"]
[Site "Pereira"]
[Date "2017.11.30"]
[Round "1.7"]
[White "Cardona, Jaiber Camilo"]
[Black "Penuela Rincon, Yamith Andrey"]
[Result "0-1"]
[WhiteElo "1557"]
[BlackElo "1498"]
[PlyCount "94"]
[EventDate "2017.11.30"]
[EventType "swiss"]
[EventRounds "6"]
[EventCountry "COL"]
[SourceTitle "EXT 2024"]
[Source "ChessBase"]
[SourceDate "2023.10.10"]
[SourceVersion "1"]
[SourceVersionDate "2023.10.10"]
[SourceQuality "1"]

1. e4 e5 2. Nf3 Nc6 3. Bc4 Bc5 4. c3 Nf6 5. d4 exd4 6. cxd4 Bb4+ 7. Bd2 Bxd2+ 8. Nbxd2 d5 9. exd5 Nxd5 10. 0-0 0-0 11. Re1 Nf6 12. Ne4 Bf5 13. Nxf6+ Qxf6 14. Ne5 Rad8 15. Nxc6 Qxc6 16. Qb3 Rxd4 17. Bb5 Qb6 18. Rad1 Rxd1 19. Rxd1 a6 20. Bc4 Qxb3 21. Bxb3 Re8 22. h3 h6 23. g4 Be6 24. Bxe6 Rxe6 25. Kf1 g5 26. Rd7 Rc6 27. Ke1 Rc2 28. b3 b6 29. Rd2 Rxd2 30. Kxd2 Kf8 31. Kd3 Ke7 32. Ke4 Ke6 33. f4 f6 34. f5+ Kd6 35. Kd4 c5+ 36. Kc4 b5+ 37. Kd3 Kd5 38. a3 a5 39. Kc3 a4 40. bxa4 bxa4 41. Kd3 c4+ 42. Kc3 Kc5 43. Kd2 Kd4 44. Ke2 c3 45. Ke1 Kc4 46. Ke2 Kb3 47. Kd3 c2 0-1